Местные нормы и расценки на строительные, монтажные и ремонтно-строительные работы, [не вошедшие в ВНиР и ЕНиР, 1969 г. Вып. 1. Разд. 1: Внутрипостроечные транспортные работы (Запись № 6848344)
[ простой вид ]
| 000 -МАРКЕР | |
|---|---|
| контрольное поле | 01734nam2a22002531 4500 |
| 001 - ИДЕНТИФИКАТОР ЗАПИСИ | |
| контрольное поле | rc\3608396 |
| 005 - ИДЕНТИФИКАТОР ВЕРСИИ | |
| контрольное поле | 20250610050958.0 |
| 035 ## - ДРУГИЕ СИСТЕМНЫЕ НОМЕРА | |
| Идентификатор записи | (NLR Aleph) 007710882 |
| 100 ## - ДАННЫЕ ОБЩЕЙ ОБРАБОТКИ | |
| Данные общей обработки | 20130115d1972 |||y0rusy50 ca |
| 101 0# - ЯЗЫК РЕСУРСА | |
| Язык текста, звукозаписи и т.д. | русский |
| 102 ## - СТРАНА ПУБЛИКАЦИИ ИЛИ ПРОИЗВОДСТВА | |
| Страна публикации | Российская Федерация |
| 105 ## - ПОЛЕ КОДИРОВАННЫХ ДАННЫХ: ТЕКСТОВЫЕ МАТЕРИАЛЫ, МОНОГРАФИЧЕСКИЕ | |
| Кодированные данные о монографическом текстовом документе | y z ||||| |
| 200 1# - ЗАГЛАВИЕ И СВЕДЕНИЯ ОБ ОТВЕТСТВЕННОСТИ | |
| Основное заглавие | Внутрипостроечные транспортные работы |
| 210 ## - ПУБЛИКАЦИЯ, РАСПРОСТРАНЕНИЕ И ДР. | |
| Дата издания, распространения и т.д. | 1972 |
| Место издания, распространения и т.д. | Б. м. |
| 215 ## - ФИЗИЧЕСКАЯ ХАРАКТЕРИСТИКА | |
| Специфическое обозначение материала и объем | 48 с. |
| 423 #0 - ИЗДАЕТСЯ В ОДНОЙ ОБЛОЖКЕ ВМЕСТЕ С ... | |
| Встроенное поле | 1010#$arus |
| -- | 2001#$aРазд. 2. Земляные работы |
| Заглавие | Разд. 2. Земляные работы |
| 461 #0 - УРОВЕНЬ НАБОРА | |
| Встроенное поле | 001rc\3608395 |
| -- | 2001#$aМестные нормы и расценки на строительные, монтажные и ремонтно-строительные работы, [не вошедшие в ВНиР и ЕНиР, 1969 г.$eВ 7 вып.]$eВып. 1-$fУкр. межколхозное объединение по стр-ву. Упр. организации труда и заработной платы. Центр. нормат.-исслед. станция$vВып. 1. Разд. 1 |
| Системный номер (АБИС) связанной записи | 6848336 |
| Место публикации | Киев |
| Дата публикации | 1972 |
| Первые сведения об ответственности | Укр. межколхозное объединение по стр-ву. Упр. организации труда и заработной платы. Центр. нормат.-исслед. станция |
| Имя издателя, распространителя и т.д. | Б. и. |
| Сведения, относящиеся к заглавию | В 7 вып.] : Вып. 1- |
| Заглавие | Местные нормы и расценки на строительные, монтажные и ремонтно-строительные работы, [не вошедшие в ВНиР и ЕНиР, 1969 г. |
| Номер тома | Вып. 1. Разд. 1 |
| 517 0# - ДРУГИЕ ВАРИАНТЫ ЗАГЛАВИЯ | |
| Вариант заглавия | Земляные работы |
| 801 #0 - ИСТОЧНИК ЗАПИСИ | |
| Страна | Российская Федерация |
| Организация | NLR |
| Правила каталогизации | psbo |
| 801 #1 - ИСТОЧНИК ЗАПИСИ | |
| Страна | Российская Федерация |
| Организация | ELAR |
| Источник данных | rusmarc |
| 852 ## - МЕСТОНАХОЖДЕНИЕ И ШИФР ХРАНЕНИЯ | |
| Идентификатор организации | NLR |
| Наименование фонда или коллекции (Sub-Location Identifier) | СВТЛ |
| 942 ## - ДОПОЛНИТЕЛЬНЫЕ ЭЛЕМЕНТЫ ЗАПИСИ (АБИС) | |
| Тип экземпляра АБИС | Книга |
| 980 ## - КОЛЛЕКЦИЯ | |
| Название коллекции | Национальная библиография |
| Тип экземпляра | Дата поступления | Библиотека постоянного хранения | Библиотека текущего хранения | Место хранения | Шифр хранения | Штрих-код | Статус экземпляра |
|---|---|---|---|---|---|---|---|
| Книга | 26.10.2013 | РНБ (Московский) | РНБ (Московский) | Фонд нормативно-технических и технических документов | СВТЛ | 7710882-10 |